| 000 | 00458nam a22001817a 4500 | ||
|---|---|---|---|
| 003 | OSt | ||
| 008 | 250403b |||||||| |||| 00| 0 eng d | ||
| 020 | _a8187125780 | ||
| 082 |
_a330.015195 _bU66A |
||
| 100 | _aUpender, M. | ||
| 245 |
_aApplied Econometrics / _cby M. Upender |
||
| 260 |
_a.- Delhi _b: Vrinda Publications _c, 2023 |
||
| 300 | _ax,229p. | ||
| 650 | _aSocial Sciences | ||
| 650 | _aEconomics | ||
| 650 | _aEconometrics | ||
| 942 |
_2ddc _cDB |
||
| 999 |
_c47802 _d47802 |
||